|
|
|
|
| LEADER |
01448nam a2200397Ia 4500 |
| 001 |
EBC3050743 |
| 003 |
MiAaPQ |
| 005 |
20200520144314.0 |
| 006 |
m o d | |
| 007 |
cr cn||||||||| |
| 008 |
041102s2004 dcuab bs e 000 0 eng d |
| 010 |
|
|
|z 2004633883
|
| 020 |
|
|
|z 0821357328 (pbk.)
|
| 035 |
|
|
|a (MiAaPQ)EBC3050743
|
| 035 |
|
|
|a (Au-PeEL)EBL3050743
|
| 035 |
|
|
|a (CaPaEBR)ebr10067184
|
| 035 |
|
|
|a (CaONFJC)MIL8505
|
| 035 |
|
|
|a (OCoLC)469634612
|
| 040 |
|
|
|a MiAaPQ
|c MiAaPQ
|d MiAaPQ
|
| 050 |
|
4 |
|a G1046.G1
|b W6 2004
|
| 082 |
0 |
4 |
|a 339.3/1/0223
|2 22
|
| 110 |
2 |
|
|a World Bank.
|
| 245 |
1 |
0 |
|a World Bank atlas
|h [electronic resource].
|
| 250 |
|
|
|a 36th ed.
|
| 260 |
|
|
|a Washington, D.C. :
|b World Bank,
|c c2004.
|
| 300 |
|
|
|a 64 p. :
|b col. ill., col. maps.
|
| 500 |
|
|
|a Shows the fundamental development topics of people, environment, economy and states, markets, and global links.
|
| 533 |
|
|
|a Electronic reproduction. Ann Arbor, MI : ProQuest, 2015. Available via World Wide Web. Access may be limited to ProQuest affiliated libraries.
|
| 650 |
|
0 |
|a Economic indicators
|v Maps.
|
| 650 |
|
0 |
|a Environmental indicators
|v Maps.
|
| 650 |
|
0 |
|a Gross national product
|v Maps.
|
| 650 |
|
0 |
|a Population
|v Statistics
|v Maps.
|
| 650 |
|
0 |
|a Social indicators
|v Maps.
|
| 655 |
|
4 |
|a Electronic books.
|
| 710 |
2 |
|
|a ProQuest (Firm)
|
| 856 |
4 |
0 |
|u https://ebookcentral.proquest.com/lib/matrademy/detail.action?docID=3050743
|z Click to View
|